Physical activity towards health and fitness: (Record no. 2207)
[ view plain ]
| 000 -LEADER | |
|---|---|
| fixed length control field | 00982nam a22002537a 4500 |
| 005 - DATE AND TIME OF LATEST TRANSACTION | |
| control field | 20240620015551.0 |
| 008 - FIXED-LENGTH DATA ELEMENTS--GENERAL INFORMATION | |
| fixed length control field | 230719b |||||||| |||| 00| 0 eng d |
| 020 ## - INTERNATIONAL STANDARD BOOK NUMBER | |
| International Standard Book Number | 978-971-821-881-5 |
| 082 ## - DEWEY DECIMAL CLASSIFICATION NUMBER | |
| Classification number | Fil. 796.81 P578 2020 |
| 100 ## - MAIN ENTRY--PERSONAL NAME | |
| Personal name | Cabanilla, Joel S. |
| Relator term | author |
| 245 ## - TITLE STATEMENT | |
| Title | Physical activity towards health and fitness: |
| Remainder of title | combat sports / |
| Statement of responsibility, etc. | Joel S. Cabanilla, Jones Q. Calingayan, Leonado L. Carino, Vivian Grace L. Kitongan, Shiela Marie M. Marquez, Arsenio T. Pascual |
| 260 ## - PUBLICATION, DISTRIBUTION, ETC. | |
| Place of publication, distribution, etc. | Malabon City: |
| Name of publisher, distributor, etc. | Mutya Publishing House, |
| Date of publication, distribution, etc. | c2020 |
| 300 ## - PHYSICAL DESCRIPTION | |
| Extent | v, 148p.: |
| Other physical details | ill. |
| 504 ## - BIBLIOGRAPHY, ETC. NOTE | |
| Bibliography, etc. note | Includes bibliographical references |
| 541 ## - IMMEDIATE SOURCE OF ACQUISITION NOTE | |
| Accession number | 7300 c.1, 7301 c.2, 7302 c.3 |
| 650 ## - SUBJECT ADDED ENTRY--TOPICAL TERM | |
| Topical term or geographic name entry element | Martial arts |
| 650 ## - SUBJECT ADDED ENTRY--TOPICAL TERM | |
| Topical term or geographic name entry element | Taekwando |
| 700 ## - ADDED ENTRY--PERSONAL NAME | |
| Personal name | Calingayan, Jones Q. |
| Relator term | author |
| 700 ## - ADDED ENTRY--PERSONAL NAME | |
| Personal name | Carino, Leonardo L. |
| Relator term | author |
| 700 ## - ADDED ENTRY--PERSONAL NAME | |
| Personal name | Carino, Leonardo L. |
| Relator term | author |
| 700 ## - ADDED ENTRY--PERSONAL NAME | |
| Personal name | Kitongan, Vivian Grace L. |
| Relator term | author |
| 700 ## - ADDED ENTRY--PERSONAL NAME | |
| Personal name | Marquez, Shiela Marie M. |
| Relator term | author |
| 700 ## - ADDED ENTRY--PERSONAL NAME | |
| Personal name | Pascual, Arsenio T. |
| Relator term | author |
| Withdrawn status | Lost status | Source of classification or shelving scheme | Damaged status | Not for loan | Home library | Current library | Date acquired | Total Checkouts | Full call number | Barcode | Date last seen | Copy number | Price effective from | Koha item type |
|---|---|---|---|---|---|---|---|---|---|---|---|---|---|---|
| Dewey Decimal Classification | ctu-moalboal | ctu-moalboal | 02/10/2022 | Fil. 796.81 P578 2020 | 7300 | 07/19/2023 | 1 | 07/19/2023 | Books-Filipiniana | |||||
| Dewey Decimal Classification | ctu-moalboal | ctu-moalboal | 02/10/2022 | Fil. 796.81 P578 2020 | 7301 | 07/19/2023 | 2 | 07/19/2023 | Books-Filipiniana | |||||
| Dewey Decimal Classification | ctu-moalboal | ctu-moalboal | 02/10/2022 | Fil. 796.81 P578 2020 | 7302 | 07/19/2023 | 3 | 07/19/2023 | Books-Filipiniana |